1324 1603 1979 1016 1063 1626 1659 1481 1325 1545 1398 1700 1566 1439 1320 1463 1012 1688 1450 1047 1559 1636 1289 1734 1077 1663 1040 1920 1017 1919 1211 1983 1448 1215 1374 1412 1936 1150 1164 1839 1161 1718 1864 1808 1997 1219 1108 1432 1872 1454 1910 1177 1914 1070 1211 1320 1410 1575 1675 1154 1109 1880 1575 1773 1959 1692 1092 1713 1197 1084 1692 1781 1442 1376 1739 1789 1905 1064 1980 1927 1064 1806 1487 1163 1301 1092 1652 1095 1229 1211 1001 1815 1668 1386 1718 1585 1930 1940 1909 BCNSPRNW ULIB Ver.6.0+V

เปลี่ยนเป็นภาษาไทย

Change to English
 แสดงรายละเอียดบรรณานุกรม
  กลับหน้าหลัก

Brief Record : Get Marc (ISO 2709) : E-mail record : QR code < ปิดหน้าต่าง
LEADER : 00000nam 2200000uu 4500
001    13399110989
003     ULIB
008    110614s||||||||th 000 0 tha d
020    9748211738(ล.8)
050  4 AC159^bส631น ล.8 2543
245 00 108 ซองคำถาม.^nเล่ม 8 /^cประวิทย์ สุวณิชย์, บรรณาธิการ
250    พิมพ์ครั้งที่ 2
260    กรุงเทพฯ :^bสารคดี,^c2543
300    206 หน้า :^bภาพประกอบ
650  4 ความรู้ทั่วไป
650  4 รวมเรื่อง
650  4 คำถามและคำตอบ
700 0  ประวิทย์ สุวณิชย์
945    ^p95^l0^i015946
995    ทศพร
999 ^a ใช้งานได้ทุกระบบ
รายการนี้ยังไม่มีแท็ก
คุณยังไม่ได้ล็อกอิน คุณสามารถมีกิจกรรมร่วมกับเว็บไซต์ได้ แต่ต้องล็อกอินก่อน ::
  ล็อกอิน

รายการสื่อสารสนเทศ

ลำดับที่ ประเภท เลขเรียก/บาร์โค้ด สถานที่ สถานะ
- ไม่พบข้อมูล -

รายการใกล้เคียง
    หัวเรื่อง [ความรู้ทั่วไป]
    หัวเรื่อง [รวมเรื่อง]
    หัวเรื่อง [คำถามและคำตอบ]

BibComment


ยังไม่เคยถูกคอมเมนท์

คอมเมนท์ทรัพยากรรายการนี้
  คอมเมนท์: 108 ซองคำถาม เล่ม..


 Copyright 2026. Bcnsprnw @Library